| 000 | 00648nam a2200205Ia 4500 | ||
|---|---|---|---|
| 003 | OSt | ||
| 005 | 20251104100433.0 | ||
| 008 | 210210b1999 xxu||||| |||| 00| 0 eng d | ||
| 040 | _cAL | ||
| 041 | _aKannada | ||
| 082 | _aK894.9 NARP | ||
| 100 |
_aNARASIMHAMURTI (K). _dನರಸಿಂಹಮೂರ್ತಿ (ಕೆ ) _9241722 |
||
| 245 |
_aPashchatya sahitya samikshe. _bಪಾಶ್ಚಾತ್ಯ ಸಾಹಿತ್ಯ ಸಮೀಕ್ಷೆ |
||
| 260 |
_aBengaluru _bVi Si Sampada _c1999 |
||
| 300 | _axiv,160 | ||
| 650 |
_aPaschatya sahitya samikshe _9241723 |
||
| 690 |
_aKannada Criticism _9241724 |
||
| 906 | _aSG03468 | ||
| 942 |
_2ddc _cSG |
||
| 999 |
_c114276 _d114276 |
||